00903nam a2200277 i 450000500170000000800410001702000380005804000250009608200140012109000180013510000560015324500540020926400600026330000280032333600210035133600290037233700250040133800230042649000230044950400350047265000360050765000290054383000230057294200110059599900190060620260412163651.0260412s2025 my gr 000 0 may d a9786297664170qpaperbackcRM29.00 aPPAKbengcPPAKerda04a158.122300a158.1bMOHdG0 aMohammad Qayyum A. Badaruddin,cMejar (B),eauthor.10aENERGY /cMejar (B) Mohammad Qayyum A. Badaruddin 1aKajang, Selangor :bCASAMAS RESOURCES SDN BHD,c[2025?] aiv, 200 pages ;c18 cm  atext2rdacontent astill image 2rdacontent aunmediated2rdamedia avolume2rdacarrier1 aSIRI BUKU MOTIVASI aBibliography: pages [198]-200.10aSelf-actualization (Psychology)20aMotivation (Psychology)  0aSiri buku motivasi 2ddccB c203809d203809